00383pab a2200121 454500008004000000100002500040245011000065260000900175300001500184362000800199650002100207773003300228180718b2011 xxu||||| |||| 00| 0 eng d aVeugelers, John W.P. aDissenting families and social movement abeyance: The transmission of neo-fascist frames in postwar Italy c2011 ap.241-261. aJun aSocial movements aBritish Journal of Sociology